000 00454nam a2200169 i 4500
001 88080
003 ES-MaACL
005 20230906175811.0
007 t|
008 050103s1903 fr ||||1| fre d
100 1 _aLaforgue, Jules.
_969518
245 1 0 _aOeuvres complètes de Jules Laforgue
_b: poesies.
250 _a2eme ed.
260 _a[S.l. :
_bs.n.,
_c1903] (
_eChartres :
_fGarnier)
300 _a465 p. ;
_c18 cm.
852 _aES-MaACL
_jD-1449
999 _c88080
_d88080